Adobe InDesign 2 : advanced electronic documents

Bibliographic Details
Corporate Author: Against the Clock (Firm)
Format: Book
Language:English
Published: New Jersey : Prentice Hall 2003
Series:Against the Clock
Subjects:

MARC

LEADER 00000cam a2200000 7i4500
001 0000011072
005 20241007.0
008 231214 njua eng
020 |a 0130486981 (pbk) 
040 |a INS   |b eng   |e rda 
090 0 0 |a Z253.532.A34   |b .A368 2003 
245 1 0 |a Adobe InDesign 2 :   |b advanced electronic documents   |c Against the Clock 
264 1 |a New Jersey :   |b Prentice Hall   |c 2003 
300 |a 1 v. (various pagings) :   |b illustrations ;   |c 28 cm +.   |e 1 CD-ROM (4 3/4 in.) 
336 |a text  |2 rdacontent 
337 |a unmediated  |2 rdamedia 
338 |a volume  |2 rdacarrier 
490 0 |a Against the Clock 
500 |a Includes index 
650 0 |a Adobe InDesign (Electronic resource) 
650 0 |a Desktop publishing 
710 2 |a Against the Clock (Firm) 
999 |a 0000010658   |b BOOK   |c Open Shelf   |e Default branch